Artists That Have Worked with Anderson.Paak - Statistics

General Stats
  • This quiz has been taken 4 times
  • The average score is 9 of 42
Answer Stats
Artist % Correct
Bruno Mars
100%
Kendrick Lamar
100%
Andre 3000
50%
J. Cole
50%
Mac Miller
50%
Pusha T
50%
Q-Tip
50%
Busta Rhymes
25%
Cocoa Sarai
25%
Cordae
25%
Dr Dre
25%
Eminem
25%
Freddie Gibbs
25%
Jay Rock
25%
JID
25%
Knxwledge
25%
Latto
25%
Noname
25%
Rapsody
25%
Rick Ross
25%
Schoolboy Q
25%
Snoop Dogg
25%
Talib Kweli
25%
The Game
25%
BJ The Chicago Kid
0%
Brandy
0%
Dean
0%
Flying Lotus
0%
Hailee Steinfeld
0%
Jazmine Sullivan
0%
Justin Timberlake
0%
Kadhja Bonet
0%
Kaytranada
0%
Lalah Hathaway
0%
Madlib
0%
Mary J. Blige
0%
Nas
0%
Norelle
0%
NxWorries
0%
Sonyae Elise
0%
Timan Family Choir
0%
TOKiMONSTA
0%
No matching quizzes found
Score Distribution
Percent of People with Each Score
Percentile by Number Answered
Your Score History
You have not taken this quiz